00568nam a2200193 a 450000100060000000300080000600500170001400800390003102000160007003500190008604000270010504100080013208200220014010000250016224501030018726000340029030000280032465000220035230436BD-RjUL20211209051549.0161003s1974 ne a b 000 0 eng a0444412050  a(BD-RjUL)30521 aDLCcDLCdBD-RjULbeng aeng00a302bMCS 19742231 aMcKennell, Aubrey C.10aSurveying attitude structures :ba discussion of principles and procedures /cAubrey C. McKennell. aNew York :bElsevier,cc1974. a94 p. :bill. ;c25 cm. 0aSocial Psychology